Statistiques concernant États de la Nouvelle-Angleterre

Cliquez ici pour prendre le quiz!

Statistiques générales

  • Ce quiz a été pris 70 fois
  • Le résultat moyen est 5 sur 6

Statistiques - réponses

États% Correct
Massachusetts
95%
Maine
93%
New Hampshire
92%
Vermont
92%
Rhode Island
90%
Connecticut
87%

Distribution des résultats

Percentile par nombre de réponses

% des personnes avec chaque résultat

Votre développement - résultats

Vous n’avez pas pris ce quiz